LEADER 00979nam0-22003371i-450- 001 990001192630403321 010 $a1-58488-149-6 035 $a000119263 035 $aFED01000119263 035 $a(Aleph)000119263FED01 035 $a000119263 100 $a20020423d2001----km-y0itay50------ba 101 0 $aeng 102 $aUS 105 $aa---a---001yy 200 1 $aHandbook of typography for the mathematical sciences$fSteven G. Krantz 210 $aBoca Raton [etc.]$cChapman & Hall/CRC$dc2001 215 $axv, 173 p.$d24 cm 610 0 $aTex$aManuali 610 0 $aTipografia matematica 610 0 $aComposizione tipografica computerizzata 676 $a686.225.44 700 1$aKrantz,$bSteven G.$055961 801 0$aIT$bUNINA$gRICA$2UNIMARC 901 $aBK 912 $a990001192630403321 952 $aMAI-68-013$b18880$fMA1 959 $aMA1 962 $a68U15 996 $aHandbook of typography for the mathematical sciences$9341511 997 $aUNINA